<?xml version="1.0" encoding="UTF-8"?>
<record
    xmlns:xsi="http://www.w3.org/2001/XMLSchema-instance"
    xsi:schemaLocation="http://www.loc.gov/MARC21/slim http://www.loc.gov/standards/marcxml/schema/MARC21slim.xsd"
    xmlns="http://www.loc.gov/MARC21/slim">

  <leader>00976nam a22002657a 4500</leader>
  <controlfield tag="005">20170123162348.0</controlfield>
  <datafield tag="010" ind1=" " ind2=" ">
    <subfield code="a">A-678248</subfield>
  </datafield>
  <datafield tag="020" ind1=" " ind2=" ">
    <subfield code="c">13.00</subfield>
  </datafield>
  <datafield tag="035" ind1=" " ind2=" ">
    <subfield code="a">A-678248</subfield>
  </datafield>
  <datafield tag="037" ind1=" " ind2=" ">
    <subfield code="b">Cen Lib/Ret</subfield>
  </datafield>
  <datafield tag="040" ind1=" " ind2=" ">
    <subfield code="a">DPL</subfield>
    <subfield code="b">UR</subfield>
  </datafield>
  <datafield tag="082" ind1=" " ind2=" ">
    <subfield code="a">745.6</subfield>
    <subfield code="b">&#x627; &#x645; &#x6CC; </subfield>
  </datafield>
  <datafield tag="100" ind1=" " ind2=" ">
    <subfield code="a">&#x627;&#x645;&#x6CC;&#x631; &#x62D;&#x633;&#x646; &#x646;&#x648;&#x631;&#x627;&#x646;&#x6CC; </subfield>
    <subfield code="9">108265</subfield>
  </datafield>
  <datafield tag="245" ind1=" " ind2=" ">
    <subfield code="a">&#x645;&#x646;&#x634;&#x6CC; &#x646;&#x648;&#x644; &#x6A9;&#x634;&#x648;&#x631; &#x627;&#x648;&#x631; &#x627;&#x646;&#x6A9;&#x6D2; &#x62E;&#x637;&#x651;&#x627;&#x637; &#x648; &#x62E;&#x648;&#x634; &#x646;&#x648;&#x6CC;&#x633; / </subfield>
    <subfield code="c">&#x627;&#x645;&#x6CC;&#x631; &#x62D;&#x633;&#x646; &#x646;&#x648;&#x631;&#x627;&#x646;&#x6CC; </subfield>
  </datafield>
  <datafield tag="246" ind1=" " ind2=" ">
    <subfield code="a">Munshi Naval Kishor aur unkey khattat va khush naves /</subfield>
    <subfield code="b">by Amir Hasan Norani </subfield>
  </datafield>
  <datafield tag="260" ind1=" " ind2=" ">
    <subfield code="a">&#x646;&#x6CC;&#x6CC; &#x62F;&#x6C1;&#x644;&#x6CC; </subfield>
    <subfield code="b">&#x62A;&#x631;&#x642;&#x6CC; &#x627;&#x631;&#x62F;&#x648; &#x628;&#x6CC;&#x648;&#x631;&#x648; </subfield>
    <subfield code="c">1994</subfield>
  </datafield>
  <datafield tag="270" ind1=" " ind2=" ">
    <subfield code="a">&#x648;&#x6CC;&#x633;&#x679; &#x628;&#x644;&#x627;&#x6A9; &#x668;&#x60C; &#x627;&#x631;.&#x6A9;&#x6D2;.&#x67E;&#x631;&#x645; </subfield>
    <subfield code="b">&#x646;&#x6CC;&#x6CC; &#x62F;&#x6C1;&#x644;&#x6CC; </subfield>
    <subfield code="e">110066</subfield>
  </datafield>
  <datafield tag="300" ind1=" " ind2=" ">
    <subfield code="a">111p.</subfield>
    <subfield code="c">21cm(Hb)</subfield>
  </datafield>
  <datafield tag="500" ind1=" " ind2=" ">
    <subfield code="a">&#x6A9;&#x62A;&#x627;&#x628;&#x6CC;&#x627;&#x62A; </subfield>
  </datafield>
  <datafield tag="650" ind1=" " ind2=" ">
    <subfield code="a">&#x627;&#x62F;&#x628; -- &#x627;&#x631;&#x62F;&#x648; </subfield>
    <subfield code="9">134759</subfield>
  </datafield>
  <datafield tag="650" ind1=" " ind2=" ">
    <subfield code="a"> &#x62C;&#x6CC;&#x648;&#x646;&#x6CC; -- &#x645;&#x646;&#x634;&#x6CC; &#x646;&#x648;&#x644; &#x6A9;&#x634;&#x648;&#x631; </subfield>
    <subfield code="9">134760</subfield>
  </datafield>
  <datafield tag="650" ind1=" " ind2=" ">
    <subfield code="a">Literature -- Urdu</subfield>
    <subfield code="9">134761</subfield>
  </datafield>
  <datafield tag="650" ind1=" " ind2=" ">
    <subfield code="a">Biography</subfield>
    <subfield code="9">7490</subfield>
  </datafield>
  <datafield tag="942" ind1=" " ind2=" ">
    <subfield code="2">ddc</subfield>
    <subfield code="c">UR</subfield>
    <subfield code="h">745.6</subfield>
    <subfield code="m">&#x627; &#x645; &#x6CC; </subfield>
  </datafield>
  <datafield tag="999" ind1=" " ind2=" ">
    <subfield code="c">109014</subfield>
    <subfield code="d">109014</subfield>
  </datafield>
  <datafield tag="952" ind1=" " ind2=" ">
    <subfield code="0">0</subfield>
    <subfield code="1">0</subfield>
    <subfield code="4">0</subfield>
    <subfield code="7">0</subfield>
    <subfield code="a">L</subfield>
    <subfield code="b">L</subfield>
    <subfield code="d">2016-02-18</subfield>
    <subfield code="e">2016-01-02</subfield>
    <subfield code="g">13.00</subfield>
    <subfield code="l">0</subfield>
    <subfield code="o">745.6 &#x627; &#x645; &#x6CC;</subfield>
    <subfield code="p">A-678248</subfield>
    <subfield code="r">2016-02-18 00:00:00</subfield>
    <subfield code="t">1</subfield>
    <subfield code="v">13.00</subfield>
    <subfield code="w">2016-02-18</subfield>
    <subfield code="y">UR</subfield>
  </datafield>
</record>
